[Event "Leiden SB-ch"]
[Site "Leiden"]
[Date "2007.06.26"]
[Round "7"]
[White "Sonneveldt, Peter"]
[Black "De Waard, Ad"]
[Result "1-0"]
[WhiteElo "1657"]
[BlackElo "1411"]
[PlyCount "37"]
[EventDate "2007.05.15"]
[EventType "swiss"]
[EventRounds "7"]
[EventCountry "NED"]
[SourceTitle "EXT 2012"]
[Source "ChessBase"]
[SourceDate "2011.11.24"]
[SourceVersion "1"]
[SourceVersionDate "2011.11.24"]
[SourceQuality "1"]

1. e4 d6 2. d4 Nf6 3. Nc3 g6 4. f3 Bg7 5. Be3 0-0 6. Qd2 e5 7. 0-0-0 exd4 8. Bxd4 Nc6 9. Be3 Be6 10. Nge2 a6 11. Nf4 b5 12. Ncd5 Bxd5 13. Nxd5 Nxd5 14. exd5 Ne5 15. Bh6 Nc4 16. Bxc4 Bxh6 17. Qxh6 bxc4 18. Rd4 c3 19. Rh4 1-0

[Event "Leiden SB-ch"]
[Site "Leiden"]
[Date "2007.05.29"]
[Round "3"]
[White "Gorter, Peter"]
[Black "Sonneveldt, Peter"]
[Result "1/2-1/2"]
[WhiteElo "1428"]
[BlackElo "1657"]
[PlyCount "32"]
[EventDate "2007.05.15"]
[EventType "swiss"]
[EventRounds "7"]
[EventCountry "NED"]
[SourceTitle "EXT 2012"]
[Source "ChessBase"]
[SourceDate "2011.11.24"]
[SourceVersion "1"]
[SourceVersionDate "2011.11.24"]
[SourceQuality "1"]

1. e4 e5 2. Nf3 Nc6 3. d4 exd4 4. Bc4 h6 5. c3 d3 6. 0-0 d6 7. Nd4 Nf6 8. Re1 Be7 9. Nf5 Bxf5 10. exf5 Qd7 11. Bxd3 0-0-0 12. Be3 Nd5 13. Bd4 Nxd4 14. cxd4 Bf6 15. Nc3 Nxc3 16. bxc3 Rhe8 1/2-1/2

[Event "Leiden SB-chB"]
[Site "Leiden"]
[Date "2004.05.26"]
[Round "2"]
[White "Hoogenboom, Gabri"]
[Black "Sonneveldt, Peter"]
[Result "1/2-1/2"]
[WhiteElo "1575"]
[BlackElo "1676"]
[PlyCount "78"]
[EventDate "2004.05.19"]
[EventType "swiss"]
[EventRounds "7"]
[EventCountry "NED"]
[SourceTitle "EXT 2012"]
[Source "ChessBase"]
[SourceDate "2011.11.24"]
[SourceVersion "1"]
[SourceVersionDate "2011.11.24"]
[SourceQuality "1"]

1. e4 e5 2. Bc4 Nf6 3. d4 Qe7 4. Nf3 Qb4+ 5. Nbd2 d5 6. c3 Qe7 7. exd5 exd4+ 8. Kf1 dxc3 9. bxc3 c6 10. Qb3 Nxd5 11. Bb2 Be6 12. Nd4 Qd7 13. Nxe6 fxe6 14. Re1 Be7 15. Nf3 0-0 16. Nd4 Bc5 17. Re2 Bxd4 18. cxd4 b5 19. Bd3 Nf4 20. Re4 Nxd3 21. Qxd3 Na6 22. g3 Nc7 23. Kg2 Qd5 24. Ba3 Rf7 25. Qc2 Qf5 26. f4 Qd5 27. Rc1 Re8 28. Bb4 Na6 29. Bd2 Rc8 30. Kf2 Nb8 31. Ree1 Re8 32. a3 h6 33. Qc5 Qd7 34. Bb4 Na6 35. Qd6 Nxb4 36. Qxd7 Rxd7 37. axb4 Kf7 38. f5 Rde7 39. fxe6+ Rxe6 1/2-1/2

[Event "Leiden SB-ch"]
[Site "Leiden"]
[Date "2003.06.24"]
[Round "6"]
[White "Sonneveldt, Peter"]
[Black "Schreur, Gertjan"]
[Result "1-0"]
[WhiteElo "1647"]
[BlackElo "1710"]
[PlyCount "80"]
[EventDate "2003.05.20"]
[EventType "swiss"]
[EventRounds "7"]
[EventCountry "NED"]
[SourceTitle "CBM 095 Extra"]
[Source "ChessBase"]
[SourceDate "2003.09.04"]
[SourceVersion "1"]
[SourceVersionDate "2003.09.04"]
[SourceQuality "1"]

1. e4 d5 2. exd5 Nf6 3. d4 Nxd5 4. Nf3 g6 5. Be2 Bg7 6. 0-0 0-0 7. c3 Nd7 8. Qb3 N5b6 9. Be3 c6 10. Nbd2 Qc7 11. c4 Nf6 12. h3 Bf5 13. Rad1 Nbd7 14. Rfe1 c5 15. d5 b6 16. Nh4 e5 17. dxe6 Bxe6 18. Nhf3 Rad8 19. Nb1 Nb8 20. Nc3 Nc6 21. Ng5 Bf5 22. Nf3 Na5 23. Qa3 Bc2 24. Rc1 Bd3 25. b3 Bxe2 26. Rxe2 Nc6 27. Rce1 Rd3 28. Qc1 a6 29. Bg5 Nh5 30. Nd5 Qb8 31. Qc2 Rxf3 32. gxf3 Nd4 33. Qe4 Ng3 34. fxg3 Qxg3+ 35. Rg2 Nxf3+ 36. Kf1 Qxh3 37. Ree2 Bd4 38. Be3 Qh1+ 39. Kf2 h5 40. Qxf3 Re8 1-0